000 00344nam a2200133Ia 4500
008 240624s9999 xx 000 0 und d
041 _aeng
082 _a303.48 GRU
100 _aGRUNWALD ARMIN
245 _aTECHNOLOGY ASSESSMENT IN PRACTICE AND TH
260 _c2019
_aLondon
_bRoutledge
300 _axix, 253 p.; 23 cm.
365 _cBPS
_b31
999 _c32081
_d32081